[Event "LXIII MEX-ch Open Leon 2017"]
[Site "Leon"]
[Date "2017.04.14"]
[Round "5"]
[White "Gonzalez Zamora, Juan Carlos"]
[Black "Obregon Rivero, Juan Carlos"]
[Result "1/2-1/2"]
[WhiteElo "2517"]
[BlackElo "2529"]
[Annotator "TA"]
[PlyCount "31"]
[EventDate "2017.??.??"]
[EventType "swiss"]
[EventCountry "MEX"]
[SourceTitle "playchess.com"]
[Source "ChessBase"]
[SourceQuality "1"]

{[%evp 20,31,21,9,57,61,68,42,74,25,41,27,23,8]} 1. c4 c6 2. Nf3 d5 3. d4 Nf6 4. Nc3 dxc4 5. a4 Bf5 6. e3 {[%cal Be2e3,Be3e4,Be4e5][%mdl 32]} e6 7. Bxc4 Bb4 8. O-O Nbd7 9. Qe2 O-O 10. e4 Bg6 11. Bd3 {LiveBook: 883 Games} Qe7 {D19: Slav Defence: 5 a4 Bf5 6 e3: Main line with 9 Qe2} (11... Bh5 12. e5 Nd5 13. Nxd5 cxd5 14. Qe3 Re8 15. Bd2 Qa5 16. Qe1 Bxd2 17. Qxd2 Qxd2 18. Nxd2 Nb8 19. Rfc1 Nc6 20. Bb5 Reb8 21. Nb3 a6 22. Bf1 {½-½ (56) Wojtaszek,R (2750)-Aronian,L (2780) Wijk aan Zee 2017}) 12. e5 Nd5 13. Bxg6 fxg6 14. Bd2 $146 (14. Bg5 Qf7 15. Bd2 a5 16. Nxd5 exd5 17. Bxb4 axb4 18. a5 Nb8 19. h3 {1-0 (48) Luzuriaga,N (2378)-Stratta,R (2271) ICCF email 2006}) 14... a5 15. Nxd5 cxd5 16. Rac1 1/2-1/2

[Event "LXIII MEX-ch Open Leon 2017"]
[Site "Leon"]
[Date "2017.04.14"]
[Round "5"]
[White "Ruiz Sanchez, Orlen"]
[Black "Della Morte, Pablo"]
[Result "1-0"]
[WhiteElo "2455"]
[BlackElo "2333"]
[Annotator "TA"]
[PlyCount "98"]
[EventDate "2017.??.??"]
[EventType "swiss"]
[EventCountry "MEX"]
[SourceTitle "playchess.com"]
[Source "ChessBase"]
[SourceQuality "1"]

{[%evp 18,98,22,15,66,16,47,37,35,18,31,0,0,0,17,14,14,20,50,0,28,15,54,56,45,41,37,24,29,17,21,0,0,0,0,0,34,0,43,27,75,67,150,152,132,136,153,160,325,315,300,310,310,318,372,363,29997,29998,29998,0,437,97,689,0,1211,0,8,0,375,0,422,0,29994,29995,29998,0,8,0,1204,0,45,0,1196]} 1. e4 c5 2. Nf3 d6 3. d4 cxd4 4. Nxd4 Nf6 5. Nc3 Nc6 6. Bg5 Bd7 7. Qd2 Rc8 8. Nxc6 {B61: Sicilian: Richter-Rauzer: 6...Bd7 7 Qd2} Bxc6 9. f3 e6 10. O-O-O {LiveBook: 9 Games} Be7 (10... a6 $1 $11) 11. h4 h6 12. Be3 a6 13. Kb1 d5 {[%cal Rd5e4]} 14. Qf2 $146 (14. exd5 Nxd5 15. Nxd5 {½-½ (15) Carlsson,P (2501)-Almeida Quintana,O (2500) Malaga 2008}) 14... Qc7 {[%cal Rd5e4]} 15. Bb6 Qb8 {[%cal Rd5e4]} 16. exd5 Nxd5 17. Nxd5 Bxd5 18. Bd3 O-O 19. f4 Bd6 20. Rhf1 Rc6 21. Bd4 f5 22. Rde1 Qc7 23. g3 b5 24. Re3 Rc8 25. Qd2 Rd8 26. Rfe1 b4 27. Qe2 Qf7 (27... Qa5 $5 28. b3 $8 Bc5 29. Bxc5 Qxc5 $11) 28. b3 {[%cal Re3e6]} Rdc8 29. h5 $1 (29. Bxa6 Rxc2 30. Qxc2 (30. Bxc8 Rxe2 31. R3xe2 Be4+ 32. Kb2 Qe8 $17) 30... Rxc2 31. Kxc2 Bc5 32. Bxc5 Qc7 $11) 29... Bc5 ({Black should play} 29... a5 $14) 30. Bxc5 $16 Rxc5 31. g4 (31. Bxa6 Rxc2 32. Qd1 (32. Bxc8 $2 Rxe2 33. R3xe2 Be4+ 34. Ka1 Qf6+ 35. Rb2 Kf7 $19) 32... Qa7 33. Rxe6 Bxe6 34. Rxe6 Qd4 $3 {[%mdl 512]} 35. Qxc2 (35. Qxd4 $2 Rc1+ 36. Kb2 R8c2#) (35. Re8+ $2 Kf7 36. Qxc2 Rxc2 37. Kxc2 Kxe8 $19) 35... Qg1+ 36. Kb2 Rxc2+ 37. Kxc2 Qxg3 $19) 31... fxg4 32. Qxg4 a5 $2 {[#]} (32... Rc3 $16 {was worth a try.} 33. f5 (33. Bxa6 Rxe3 34. Rxe3 Ra8 $11) 33... exf5 34. Qxb4 (34. Qxf5 Qxf5 35. Bxf5 Rxe3 36. Rxe3 Ra8 $14) (34. Bxf5 Rxe3 35. Rxe3 Rb8 $16) 34... a5 35. Qxa5 Be4) 33. f5 $1 $18 {[%cal Rf5e6]} exf5 34. Qxf5 ({Don't do} 34. Bxf5 $6 Bxb3 35. Re7 (35. Bxc8 Bxc2+ 36. Kb2 Qf6+ 37. Re5 Rxe5 38. Qc4+ Kf8 39. Rxe5 Qxe5+ 40. Kxc2 Qxh5 $16) 35... Qf8 $18) 34... Qxf5 35. Bxf5 Rd8 36. Re5 Kf7 $2 (36... g6 $18) 37. Bg6+ Kg8 38. Bf5 $2 (38. Re8+ Rxe8 39. Rxe8#) 38... Rf8 $2 {[%mdl 8192]} (38... Kf7 $1 $11 39. Bg6+ Kg8 40. Re8+ Rxe8 41. Rxe8#) 39. Rd1 $2 (39. Be6+ $18 {has better winning chances.} Bxe6 40. Rxc5) 39... Rd8 $2 {[%mdl 8192] [#]} (39... Bf3 $16 40. Be6+ (40. Rxc5 Bxd1 41. Be6+ Kh7 $16) 40... Kh7 41. Rxc5 Bxd1) 40. Rde1 $2 ({Better is} 40. Rdxd5 $1 $18 {[%mdl 512]} Rdxd5 (40... Rcxd5 41. Be6+) 41. Be6+ Kf8 42. Bxd5) 40... Rdc8 $2 {[%mdl 8192]} (40... Rf8 $11 41. Be4 Bxe4 42. Rxc5 Bg2 43. Rxa5 Bf3) 41. R5e3 $2 (41. Bxc8 $18 Rxc8 42. Rxd5) 41... Rf8 42. Re5 {Black must now prevent Be4.} Rd8 $2 {[%mdl 8192]} (42... Rfc8 $1 $11 {and Black has nothing to worry.} 43. Bxc8 Rxc8 44. Rxd5 Kf8 45. Rxa5 Kg8) 43. R5e2 $2 (43. Kb2 $18) 43... Rdc8 $2 {[%mdl 8192]} (43... Bf7 $11 {and Black stays safe.} 44. Bg6 Bxg6 45. hxg6 Kf8) 44. Re3 $2 (44. Bxc8 $18 Rxc8 45. Re5) 44... R8c7 $2 {[%mdl 8192]} (44... Rf8 $11 45. Re5 Rd8) 45. Bg6 {[%cal Re3e8]} Rc8 46. Bf5 $2 (46. Re8+ {mates} Rxe8 47. Rxe8#) 46... Rf8 47. Re5 $2 {[%mdl 8192]} (47. Bh3 $11) 47... Rfc8 48. R5e2 $2 (48. Bxc8 $18 Rxc8 49. Rxd5) 48... Rb8 49. Re5 $2 {[%mdl 8192]} (49. a4 $14 Bf7 50. Re5 Rxe5 51. Rxe5) 49... Rbc8 1-0

[Event "LXIII MEX-ch Open Leon 2017"]
[Site "Leon"]
[Date "2017.04.14"]
[Round "5"]
[White "Fernandez Cardoso, Alexey"]
[Black "Gonzalez Vidal, Yuri"]
[Result "1-0"]
[WhiteElo "2445"]
[BlackElo "2534"]
[Annotator "TA"]
[PlyCount "43"]
[EventDate "2017.??.??"]
[EventType "swiss"]
[EventCountry "MEX"]
[SourceTitle "playchess.com"]
[Source "ChessBase"]
[SourceQuality "1"]

{[%evp 27,43,4,0,0,49,29,49,30,41,29,37,26,42,43,40,20,43,27]} 1. e4 e5 2. Nf3 Nc6 3. Bb5 a6 4. Ba4 Nf6 5. O-O Be7 6. Re1 b5 7. Bb3 d6 8. c3 O-O 9. h3 Nb8 10. d4 Nbd7 11. c4 c6 12. Nc3 b4 {C95: Closed Ruy Lopez: Breyer Variation with 10 d4} 13. Na4 c5 14. d5 Re8 {LiveBook: 4 Games. The position is equal.} 15. Bc2 Bf8 $146 (15... Nf8 16. a3 a5 17. b3 Ng6 18. Nb2 Bd7 19. Ra2 h6 20. Nh2 {½-½ (41) Vallejo Pons,F (2716)-Baramidze,D (2605) Germany 2014}) 16. Kh2 g6 17. b3 Bg7 18. Nb2 a5 19. a3 Rb8 20. Ra2 Nf8 21. Bd2 Bd7 22. Qe2 {[%mdl 32768] Loss on time?} 1-0

[Event "LXIII MEX-ch Open Leon 2017"]
[Site "Leon"]
[Date "2017.04.14"]
[Round "5"]
[White "Blanco Fernandez, Alvaro"]
[Black "Garcia Guerrero, Isaac Antonio"]
[Result "1/2-1/2"]
[WhiteElo "2241"]
[BlackElo "2332"]
[Annotator "NA"]
[PlyCount "70"]
[EventDate "2017.??.??"]
[EventType "swiss"]
[EventCountry "MEX"]
[SourceTitle "playchess.com"]
[Source "ChessBase"]
[SourceQuality "1"]
[TimeControl "5400+30"]

1. e4 {[%emt 0:01:53]} c5 {[%emt 0:00:25]} 2. Nf3 {[%emt 0:00:11]} g6 {[%emt 0:00:09]} 3. d4 {[%emt 0:00:07]} cxd4 {[%emt 0:00:07]} 4. Nxd4 {[%emt 0:00:12]} Nc6 {[%emt 0:00:06]} 5. c4 {[%emt 0:00:06]} Nf6 {[%emt 0:00:42]} 6. Nc3 {[%emt 0:00:12]} Nxd4 {[%emt 0:00:28]} 7. Qxd4 {[%emt 0:00:10]} d6 {[%emt 0:00:11]} 8. Bg5 {[%emt 0:00:08]} Bg7 {[%emt 0:00:18]} 9. Be2 {[%emt 0:00:43]} O-O {[%emt 0:00:22]} 10. Qd2 {[%emt 0:00:13]} a5 {[%emt 0:00:23]} 11. h4 {[%emt 0:03:13]} a4 {[%emt 0:06:58]} 12. Rc1 {[%emt 0:03:58]} Qa5 {[%emt 0:02:27]} 13. h5 {[%emt 0:03:03]} Be6 {[%emt 0:04:35]} 14. hxg6 {[%emt 0:01:25]} fxg6 {[%emt 0:02:28]} 15. f3 {[%emt 0:01:19]} Qe5 {[%emt 0:19:00]} 16. Bf4 {[%emt 0:06:47]} Qa5 {[%emt 0:01:04]} 17. Be3 {[%emt 0:04:42]} Nh5 {[%emt 0:13:43]} 18. Nd5 {[%emt 0:10:36]} Qxd2+ {[%emt 0:05:14]} 19. Kxd2 {[%emt 0:00:16]} Bxd5 {[%emt 0:00:40]} 20. cxd5 {[%emt 0:00:18]} Ng3 {[%emt 0:01:09]} 21. Rhd1 {[%emt 0:00:30]} Nxe2 {[%emt 0:01:08]} 22. Kxe2 {[%emt 0:00:02]} Rfc8 {[%emt 0:01:40]} 23. Rxc8+ {[%emt 0:01:30]} Rxc8 {[%emt 0:00:14]} 24. Rc1 {[%emt 0:00:03]} Rxc1 {[%emt 0:10:09]} 25. Bxc1 {[%emt 0:00:01]} b5 {[%emt 0:00:11]} 26. Kd3 {[%emt 0:00:07]} Kf7 {[%emt 0:00:12]} 27. Kc2 {[%emt 0:00:11]} Bd4 {[%emt 0:00:08]} 28. b3 {[%emt 0:00:10]} axb3+ {[%emt 0:00:09]} 29. Kxb3 {[%emt 0:00:22]} Bc5 {[%emt 0:00:29]} 30. Bg5 {[%emt 0:05:05]} e6 {[%emt 0:02:17]} 31. a4 {[%emt 0:02:29]} bxa4+ {[%emt 0:00:44]} 32. Kxa4 {[%emt 0:00:03]} exd5 {[%emt 0:00:28]} 33. exd5 {[%emt 0:00:01]} Ke8 {[%emt 0:00:41]} 34. Kb5 {[%emt 0:00:02]} Kd7 {[%emt 0:00:09]} 35. Kc4 {[%emt 0:00:02]} Ke8 {[%emt 0:00:39]} 1/2-1/2

[Event "LXIII MEX-ch Open Leon 2017"]
[Site "Leon"]
[Date "2017.04.14"]
[Round "5"]
[White "Gonzalez Arroyo, Lenin"]
[Black "Hernandez Guerrero, Gilberto"]
[Result "0-1"]
[WhiteElo "2233"]
[BlackElo "2499"]
[Annotator "TA"]
[PlyCount "70"]
[EventDate "2017.??.??"]
[EventType "swiss"]
[EventCountry "MEX"]
[SourceTitle "playchess.com"]
[Source "ChessBase"]
[SourceQuality "1"]

{[%evp 19,70,0,0,-28,31,-1,-9,-48,-33,-63,0,-93,-70,-170,-155,-171,-155,-163,-166,-198,-143,-293,-291,-275,-287,-280,-266,-283,-274,-268,-249,-281,-229,-287,-228,-239,-241,-364,-363,-368,-375,-378,-366,-330,-331,-346,-312,-355,-358,-414,-386,-402,-380]} 1. e4 c5 2. Nf3 e6 3. d4 cxd4 4. Nxd4 a6 5. Be2 Nf6 6. Nc3 Qc7 7. O-O Nc6 8. Be3 Bb4 9. Nxc6 bxc6 10. Bd3 d5 {LiveBook: 9 Games} 11. Bg5 {B49: Sicilian: Taimanov: 5 Nc3 Qc7 6 Be3 a6 7 Be2} Bd6 ({Better is} 11... Bxc3 $11 12. bxc3 Nxe4 13. Bxe4 dxe4) 12. exd5 $146 (12. Bxf6 gxf6 13. Qh5 Bb7 14. Rab1 Rg8 15. b4 O-O-O 16. Na4 Rg5 17. Qh3 Rdg8 {1-0 (34) Ostrovskiy,A (2445)-Borisova,E (2275) Minsk 2008}) 12... cxd5 13. h3 {The position is equal.} Bb7 14. Re1 h6 (14... Bh2+ $15 15. Kh1 Be5) 15. Bd2 (15. Bxf6 $1 $11 gxf6 16. Ne2) 15... e5 16. Bf4 ({Only move:} 16. Na4 $1 $15) 16... O-O $19 17. Bg3 Rad8 $36 {[%mdl 2048] Black is in control.} 18. Bf1 d4 19. Ne2 Ne4 (19... Bb4 $19 {And now ...Rfe8 would win.} 20. c3 dxc3) 20. f3 (20. Bh4 $17 {was necessary.}) 20... Nxg3 21. Nxg3 f5 {Strongly threatening ...e4.} 22. Qd3 e4 23. Qc4+ Kh7 24. Qxc7 Bxc7 25. Ne2 Bb6 26. Kh2 exf3 27. gxf3 Bxf3 {White must now prevent ...Rc8.} 28. Nc1 (28. Ng3 {was called for.}) 28... Rf6 29. Bg2 Bc7+ 30. Kh1 Bxg2+ 31. Kxg2 Rg6+ 32. Kf1 Rg3 33. Re7 Bf4 {Black is winning.} ({Stronger than} 33... Rxh3 34. Rxc7 Re8 35. Ne2 $11) 34. Ne2 Rxh3 35. Kg2 Re3 ({Less strong is} 35... Rh2+ 36. Kg1 Rh4 37. Nxf4 Rxf4 38. Rd1 $19) 0-1

[Event "LXIII MEX-ch Open Leon 2017"]
[Site "Leon"]
[Date "2017.04.14"]
[Round "6"]
[White "Obregon Rivero, Juan Carlos"]
[Black "Fernandez Cardoso, Alexey"]
[Result "1-0"]
[WhiteElo "2529"]
[BlackElo "2445"]
[Annotator "TA"]
[PlyCount "33"]
[EventDate "2017.??.??"]
[EventType "swiss"]
[EventCountry "MEX"]
[SourceTitle "playchess.com"]
[Source "ChessBase"]
[SourceQuality "1"]

{[%evp 13,14,45,51]} 1. d4 Nf6 2. Nf3 g6 3. c4 Bg7 4. g3 O-O 5. Bg2 d6 6. O-O Nc6 7. Nc3 Bf5 {LiveBook: 1228 Games} 8. Bg5 $146 Ne4 9. Nxe4 Bxe4 10. d5 Na5 11. b3 c5 12. Rc1 Re8 13. Qd2 a6 14. Bh3 Bxf3 15. exf3 b5 16. Rfe1 bxc4 17. bxc4 {1-0 (62) Aronian,L (2785)-Fressinet,L (2672) Doha 2016} 1-0

[Event "LXIII MEX-ch Open Leon 2017"]
[Site "Leon"]
[Date "2017.04.14"]
[Round "6"]
[White "Gonzalez Zamora, Juan Carlos"]
[Black "Cordova, Emilio"]
[Result "1/2-1/2"]
[WhiteElo "2517"]
[BlackElo "2645"]
[Annotator "TA"]
[PlyCount "44"]
[EventDate "2017.??.??"]
[EventType "swiss"]
[EventCountry "MEX"]
[SourceTitle "playchess.com"]
[Source "ChessBase"]
[SourceQuality "1"]

{[%evp 21,22,18,14]} 1. Nf3 Nf6 2. c4 b6 3. g3 Bb7 4. Bg2 c5 5. O-O e6 6. Nc3 d6 7. d4 cxd4 8. Qxd4 a6 9. Bg5 Be7 10. Bxf6 Bxf6 11. Qf4 O-O {LiveBook: 174 Games} 12. Rfd1 $146 Be7 13. Ne4 Bxe4 14. Qxe4 Ra7 15. Nd4 Rc7 16. b3 Qc8 17. e3 Rc5 18. a4 d5 19. cxd5 Rxd5 20. Qg4 Rg5 21. Qe2 Rd8 22. h4 Rc5 {½-½ (32) Blomqvist,E (2567)-Istratescu,A (2596) London 2016} 1/2-1/2

[Event "LXIII MEX-ch Open Leon 2017"]
[Site "Leon"]
[Date "2017.04.14"]
[Round "6"]
[White "Hernandez Guerrero, Gilberto"]
[Black "Macieja, Bartlomiej"]
[Result "1/2-1/2"]
[WhiteElo "2499"]
[BlackElo "2529"]
[Annotator "TA"]
[PlyCount "33"]
[EventDate "2017.??.??"]
[EventType "swiss"]
[EventCountry "MEX"]
[SourceTitle "playchess.com"]
[Source "ChessBase"]
[SourceQuality "1"]

{[%evp 27,33,31,37,37,37,32,37,30]} 1. e4 c5 2. Nf3 Nc6 3. Bb5 d6 4. O-O Bd7 5. Re1 Nf6 6. c3 a6 7. Bf1 Bg4 8. d4 cxd4 9. cxd4 d5 10. exd5 {B51: Sicilian: Moscow Variation (3 Bb5+) without 3...Bd7} Nxd5 11. Nc3 e6 12. h3 Bxf3 13. Qxf3 Be7 14. Nxd5 Qxd5 {LiveBook: 3 Games. White is slightly better.} 15. Qxd5 exd5 16. Be3 O-O 17. g3 $146 (17. Be2 Bf6 {½-½ (83) Antipov,M (2569)-Moiseenko,A (2692) Berlin 2015}) 1/2-1/2

[Event "LXIII MEX-ch Open Leon 2017"]
[Site "Leon"]
[Date "2017.04.14"]
[Round "6"]
[White "Leon Valdes, Jony Wilson"]
[Black "Tello Chavez, Isaac Valent"]
[Result "1/2-1/2"]
[WhiteElo "2363"]
[BlackElo "2286"]
[Annotator "ChessBase"]
[PlyCount "133"]
[EventDate "2017.??.??"]
[EventType "swiss"]
[EventCountry "MEX"]
[SourceTitle "playchess.com"]
[Source "ChessBase"]
[SourceQuality "1"]
[TimeControl "5400+30"]

1. d4 {[%emt 0:01:52]} d5 {[%emt 0:00:25]} 2. Nf3 {[%emt 0:00:07]} Nf6 {[%emt 0:00:42]} 3. g3 {[%emt 0:00:05]} Bf5 {[%emt 0:03:12]} 4. Bg2 {[%emt 0:00:08]} e6 {[%emt 0:00:22]} 5. O-O {[%emt 0:00:09]} Nbd7 {[%emt 0:02:06]} 6. Nh4 {[%emt 0:04:59]} Bg4 {[%emt 0:03:22]} 7. h3 {[%emt 0:00:28]} Bh5 {[%emt 0:00:36]} 8. c4 {[%emt 0:02:31]} c6 {[%emt 0:02:25]} 9. cxd5 {[%emt 0:00:22]} cxd5 {[%emt 0:01:24]} 10. Nc3 {[%emt 0:04:18]} Be7 {[%emt 0:06:04]} 11. g4 {[%emt 0:05:42]} Bg6 {[%emt 0:01:55]} 12. Nxg6 {[%emt 0:00:27]} hxg6 {[%emt 0:00:21]} 13. Bf4 {[%emt 0:01:19]} a6 {[%emt 0:02:19]} 14. Qd3 {[%emt 0:04:18]} O-O {[%emt 0:03:05]} 15. Rfc1 {[%emt 0:03:38]} Rc8 {[%emt 0:05:31]} 16. Rc2 {[%emt 0:01:55]} Nb6 {[%emt 0:03:13]} 17. Rac1 {[%emt 0:05:23]} Bd6 {[%emt 0:05:32]} 18. Bg5 {[%emt 0:12:02]} Qd7 {[%emt 0:05:30]} 19. Nb1 {[%emt 0:07:58]} Rxc2 {[%emt 0:11:25]} 20. Rxc2 {[%emt 0:00:10]} Rc8 {[%emt 0:00:21]} 21. Rxc8+ {[%emt 0:01:15]} Qxc8 {[%emt 0:02:25]} 22. Qc3 {[%emt 0:02:14]} Qc4 {[%emt 0:02:25]} 23. Qxc4 {[%emt 0:00:59]} Nxc4 {[%emt 0:00:08]} 24. Bc1 {[%emt 0:01:27]} Kf8 {[%emt 0:03:21]} 25. b3 {[%emt 0:00:47]} Na5 {[%emt 0:01:51]} 26. e3 {[%emt 0:01:30]} Nc6 {[%emt 0:00:23]} 27. Kf1 {[%emt 0:00:44]} Ke7 {[%emt 0:01:14]} 28. Ke2 {[%emt 0:00:17]} Nd7 {[%emt 0:02:17]} 29. Bb2 {[%emt 0:00:57]} Nb4 {[%emt 0:02:38]} 30. a3 {[%emt 0:00:13]} Nc6 {[%emt 0:00:11]} 31. f3 {[%emt 0:03:51]} Bc7 {[%emt 0:04:53]} 32. Kd3 {[%emt 0:02:31]} f6 {[%emt 0:02:29]} 33. Nc3 {[%emt 0:04:43]} Na5 {[%emt 0:03:12]} 34. Kc2 {[%emt 0:00:12]} Nc6 {[%emt 0:00:19]} 35. Bc1 {[%emt 0:02:21]} g5 {[%emt 0:00:57]} 36. Bf1 {[%emt 0:02:18]} Bd6 {[%emt 0:02:27]} 37. Kd3 {[%emt 0:05:19]} b5 {[%emt 0:02:35]} 38. Kd2 {[%emt 0:02:42]} Nb6 {[%emt 0:00:43]} 39. Bb2 {[%emt 0:02:15]} Na5 {[%emt 0:00:19]} 40. Kc2 {[%emt 0:00:20]} Nc6 {[%emt 0:00:12]} 41. a4 {[%emt 0:01:54]} b4 {[%emt 0:03:15]} 42. Nd1 {[%emt 0:00:34]} a5 {[%emt 0:00:41]} 43. Bb5 {[%emt 0:00:43]} Na7 {[%emt 0:00:17]} 44. Ba6 {[%emt 0:00:20]} Bg3 {[%emt 0:01:47]} 45. Bc1 {[%emt 0:00:09]} Kd6 {[%emt 0:00:39]} 46. Kd3 {[%emt 0:01:39]} Nd7 {[%emt 0:01:19]} 47. e4 {[%emt 0:04:02]} Nc6 {[%emt 0:01:12]} 48. Bb5 {[%emt 0:01:26]} Ne7 {[%emt 0:00:23]} 49. Ne3 {[%emt 0:01:41]} Nf8 {[%emt 0:00:53]} 50. Ng2 {[%emt 0:01:56]} Nfg6 {[%emt 0:00:38]} 51. Be3 {[%emt 0:01:01]} Nf4+ {[%emt 0:02:24]} 52. Nxf4 {[%emt 0:00:33]} Bxf4 {[%emt 0:01:42]} 53. e5+ {[%emt 0:02:06]} Kc7 {[%emt 0:02:23]} 54. Bxf4 {[%emt 0:01:26]} gxf4 {[%emt 0:00:02]} 55. exf6 {[%emt 0:00:38]} gxf6 {[%emt 0:00:03]} 56. h4 {[%emt 0:00:13]} Kd8 {[%emt 0:01:24]} 57. Ke2 {[%emt 0:00:19]} Ng6 {[%emt 0:00:57]} 58. h5 {[%emt 0:00:06]} Nh8 {[%emt 0:00:06]} 59. Kf2 {[%emt 0:00:35]} Ke7 {[%emt 0:00:13]} 60. Bd3 {[%emt 0:00:40]} Kf8 {[%emt 0:01:51]} 61. Ke2 {[%emt 0:00:39]} Kg7 {[%emt 0:00:25]} 62. Ba6 {[%emt 0:00:25]} Nf7 {[%emt 0:01:55]} 63. Bc8 {[%emt 0:00:15]} Nd8 {[%emt 0:00:22]} 64. Bd7 {[%emt 0:00:15]} Kh6 {[%emt 0:00:18]} 65. Kd3 {[%emt 0:00:51]} Kg5 66. Ke2 e5 67. Bc8 1/2-1/2

[Event "LXIII MEX-ch Open Leon 2017"]
[Site "Leon"]
[Date "2017.04.14"]
[Round "6"]
[White "Diaz Rosas, Julio Cesar"]
[Black "Cofre Archibold, Nestor"]
[Result "1/2-1/2"]
[WhiteElo "2312"]
[BlackElo "2256"]
[Annotator "TA"]
[PlyCount "106"]
[EventDate "2017.??.??"]
[EventType "swiss"]
[EventCountry "MEX"]
[SourceTitle "playchess.com"]
[Source "ChessBase"]
[SourceQuality "1"]

{[%evp 21,106,39,62,23,20,0,-8,-1,0,0,0,0,20,32,39,-16,0,0,0,-33,0,-50,-32,-56,-16,-118,-141,-152,-166,-184,-127,-119,-120,-200,-149,-213,-229,-219,-222,-302,-307,-443,-448,-446,-444,-422,-443,-417,-430,-437,-264,-397,-378,-362,-375,-462,-319,-439,-357,-368,-392,-388,-123,-138,-131,-328,-328,-302,-321,-299,-289,-306,-156,-170,0,-277,-197,-798,-777,-751,-90,-96,0,0,0,0,0]} 1. e4 d6 2. d4 Nf6 3. Nc3 e5 4. Nf3 Nbd7 5. Bc4 Be7 6. O-O O-O 7. a4 a5 8. Qe2 c6 9. Rd1 Qc7 10. Ba2 {C41: Philidor Defence} h6 (10... Nb8 11. h3 Na6 12. Be3 Nd7 13. Re1 exd4 14. Bxd4 Ndc5 15. Bc4 Re8 16. Rad1 h6 17. Nd2 Bf8 {1-0 (44) Najer,E (2659)-Jobava,B (2701) Moscow 2017}) 11. h3 Nh7 {[%cal Bf6h7,Bh7g5,Bg5e6,Be6d4][%mdl 32] LiveBook: 3 Games} 12. dxe5 $146 {White is slightly better.} (12. Be3 Ng5 13. Nd2 Nb6 14. f4 exf4 15. Bxf4 Be6 16. Bxg5 Bxg5 17. Bxe6 fxe6 18. Nf3 Bf4 19. Qd3 d5 {½-½ (19) Vuckovic,B (2509)-Solak,D (2557) Vrnjacka Banja 2005}) 12... dxe5 13. Nh2 Nc5 14. Be3 b6 15. Rd2 Ng5 16. Rad1 Nge6 17. Qh5 Bg5 18. Nf1 (18. Bxg5 $14 Nxg5 19. Rd6) 18... g6 19. Qf3 Kg7 20. Re1 Qe7 21. Nh2 {[#]} Nd4 $1 $36 {[%mdl 2560] Black has good play.} 22. Qd1 (22. Bxd4 Bxd2) 22... Rd8 23. Ng4 (23. f4 $11 Bh4 24. Rf1) 23... Bxg4 $17 24. hxg4 Bxe3 25. Rxe3 Qg5 ({Better is} 25... Ra7 $19 26. Bc4 Rad7) 26. Bc4 Rd7 27. Bd3 (27. Nb1 $17 Rad8 28. c3) 27... Rad8 28. g3 (28. Nb1 $17 {is a better defense.}) 28... Rd6 $19 29. Kg2 R8d7 30. b3 Qd8 31. Kf1 {[#]} (31. Nb1 {was called for.}) 31... Ndxb3 $1 {[%mdl 512]} 32. cxb3 Nxd3 (32... Rxd3 33. Rexd3 Rxd3 34. Rxd3 Qxd3+ 35. Qxd3 Nxd3 36. Nb1 $19) 33. Qb1 Nc5 34. Rxd6 Rxd6 35. Kg2 Rd3 36. Nd5 (36. Rxd3 $142 Nxd3 37. Ne2) 36... Rxe3 (36... cxd5 $2 37. Rxd3 Nxd3 38. Qxd3 $19) 37. Nxe3 Qd4 38. Kf3 Ne6 39. Qc2 Qa1 40. Kg2 Nd4 41. Qd3 {[#]} Qa3 $2 (41... b5 $1 $19 {Strongly threatening ...Qa2.} 42. axb5 cxb5) 42. Nc4 $17 Qc5 43. Qe3 $2 (43. f4 $17 {was forced.}) 43... b5 $19 44. axb5 cxb5 45. Nxa5 Qb4 46. Nb7 Qe7 (46... Qxb3 47. Qxb3 Nxb3 48. Kf3 $17) ({Black should play} 46... Nxb3 $19 47. Nd6 Qxd6 48. Qxb3 b4) 47. Na5 $17 Qb4 (47... Qc5 $142 48. Qd2 b4) 48. Nb7 $19 Nc2 ({Much less strong is} 48... Qxb3 49. Qxb3 Nxb3 50. Kf3 $17) 49. Qc5 $2 (49. Qe2 Qxb3 50. Nd6) 49... Qxe4+ 50. Kg1 Nd4 $2 ({Less strong is} 50... Qxb7 51. Qxc2 Qf3 52. Qc5 $17) (50... Ne1 $19 {[%csl Ge1][%cal Re4g2] has better winning chances.} 51. Kf1 Nd3) 51. Nd6 $17 {[#]} Qe2 ({Stronger than} 51... Nxb3 52. Nxe4 Nxc5 53. Nxc5 $16) ({Black should try} 51... Nf3+ $1 $17 52. Kh1 Qa8 53. Qxb5 Nd4+ 54. Qb7 Qxb7+ 55. Nxb7 Nxb3) 52. Ne8+ $11 Kg8 {And now ...Qe1+ would win.} 53. Nf6+ Kg7 1/2-1/2

[Event "LXIII MEX-ch Open Leon 2017"]
[Site "Leon"]
[Date "2017.04.14"]
[Round "6"]
[White "Fernandez Garcia, Miguel Angel"]
[Black "Diaz Hernandez, Heriberto"]
[Result "0-1"]
[WhiteElo "2302"]
[BlackElo "2331"]
[Annotator "TA"]
[PlyCount "28"]
[EventDate "2017.??.??"]
[EventType "swiss"]
[EventCountry "MEX"]
[SourceTitle "playchess.com"]
[Source "ChessBase"]
[SourceQuality "1"]

{[%evp 10,28,0,0,0,-162,-162,-192,-202,-230,-246,-229,-214,-1627,-1600,-29988,-29989,-1602,-1600,-1600,-1600]} 1. d4 d5 2. c4 c6 3. Nc3 Nf6 {[%cal Bg8f6,Bf6e4,Be4c3][%mdl 32]} 4. Bg5 dxc4 5. e3 b5 {[%cal Bb7b5,Bb5b4][%mdl 32]} 6. a4 {LiveBook: 6 Games} b4 {D10: Slav Defence: 3 cxd5 (without early Nf3) and 3 Nc3} 7. Na2 $2 {[#]} (7. Nb1 $1 $11) (7. Nb1 Ba6 8. Bxf6 exf6 9. Nf3 Be7 10. Be2 O-O 11. Qc2 c5 {½-½ (11) Vesely,P (2577)-Antonenko,V (2524) ICCF email 2005}) 7... Ne4 $1 $19 {[%cal Re4g5]} 8. Bf4 {[#]} Qa5 $1 {Black is clearly better.} 9. Bxc4 $146 (9. Qc1 c3 10. bxc3 bxc3 11. Qc2 Bf5 12. Bd3 Nd6 13. Bxf5 Nxf5 14. Nxc3 {½-½ (34) Nguyen,B-Bui,D (1911) Bac Giang 2016}) 9... b3+ $1 10. Nc3 Nxc3 11. Qxb3 $2 (11. Qd2 e5 12. Bxe5) 11... Ne4+ 12. Ke2 Bg4+ 13. Kd3 Nxf2+ 14. Kc2 Bf5+ 0-1